000 01154cam a22002294a 4500
005 20250605164156.0
008 250528s ||||||||||||||||||||||||d
035 _a19596
020 _a9602860898
040 _aGR-AtMCL
_bgre
_dGR-AtMCL
_eAACR2
245 1 _aΕΠΙΛΟΓΗ ΠΡΟΣΩΠΙΚΟΥ
250 _a1
260 _bΈλλην,
_c1993
300 _a251
505 0 _aΟ ΠΡΟΣΩΠΙΚΟΣ ΑΠΟΛΟΓΙΣΜΟΣ ΤΟ ΑΠΟΤΕΛΕΣΜΑΤΙΚΟ ΒΙΟΓΡΑΦΙΚΟ ΣΗΜΕΙΩΜΑ Η ΠΡΩΤΗ ΕΠΑΦΗ ΜΕ ΤΗΝ ΕΠΙΧΕΙΡΗΣΗ Η ΣΥΝΕΝΤΕΥΞΗ ΤΑ ΤΕΣΤ ΝΟΗΜΟΣΥΝΗΣ ΤΑ ΤΕΣΤ ΠΡΟΣΩΠΙΚΟΤΗΤΑΣ Η ΓΡΑΦΟΛΟΓΙΑ
520 _aΟ ΠΡΟΣΩΠΙΚΟΣ ΑΠΟΛΟΓΙΣΜΟΣ ΤΟ ΑΠΟΤΕΛΕΣΜΑΤΙΚΟ ΒΙΟΓΡΑΦΙΚΟ ΣΗΜΕΙΩΜΑ Η ΠΡΩΤΗ ΕΠΑΦΗ ΜΕ ΤΗΝ ΕΠΙΧΕΙΡΗΣΗ Η ΣΥΝΕΝΤΕΥΞΗ ΤΑ ΤΕΣΤ ΝΟΗΜΟΣΥΝΗΣ ΤΑ ΤΕΣΤ ΠΡΟΣΩΠΙΚΟΤΗΤΑΣ Η ΓΡΑΦΟΛΟΓΙΑ
700 1 _aDescoin Christine
_95798
700 1 _aΒιτατζακης Νικος
_95799
942 _cBK
999 _c4852
_d4852